Administración estratégica. Teoría y casos. Un enfoque integral.

Zapisane w:
Opis bibliograficzny
1. autor: Hill, Charles W. L. (autor)
Kolejni autorzy: Schilling, Melissa A (autora), Jones, Gareth R (autor)
Format: Nieznany
Wydane: Ciudad de México, México: Cengage Learning, 2019.
Wydanie:Décima Segunda Edición.
Hasła przedmiotowe:
Etykiety: Dodaj etykietę
Nie ma etykietki, Dołącz pierwszą etykiete!

MARC

LEADER 00000 a2200000 4500
003 CL-VaPUC
005 20250225104651.0
008 221007t2019 ||||| |||| 00| 0 eng d
999 |c 438939  |d 438937 
020 |a 9786075268064 
040 |c Pontificia Universidad Católica de Valparaíso 
082 7 |a 658.4012 HIL 2019  |2 22 
100 |a Hill, Charles W. L.  |9 737451  |e autor 
245 |a Administración estratégica.   |b Teoría y casos. Un enfoque integral. 
250 |a Décima Segunda Edición. 
260 |a Ciudad de México, México:  |b Cengage Learning,   |c 2019. 
300 |a 423 páginas.  
583 |k Cristina María Rojas Aguilar  |c 20221007 
650 |a Planificación estratégica   |9 259735 
650 |a Administración estratégica  |9 534716 
650 0 |a Ventaja competitiva  |9 522842 
700 |a Schilling, Melissa A  |9 598330  |e autora 
700 |a Jones, Gareth R  |9 598329  |e autor 
942 |2 ddc  |c BK 
952 |0 0  |1 0  |2 ddc  |4 0  |6 658_401200000000000_HIL_2019  |7 0  |8 A  |9 587146  |a BIBING  |b BIBING  |c GEN  |d 2022-10-07  |e 3  |g 45326.00  |i 5655072  |o 658.4012 HIL 2019  |p 5655072  |r 2025-01-20  |t 1  |v 45326.00  |w 2022-10-07  |y BK  |k EII